000 00866nam a22002657a 4500
003 DO-SdBNP
005 20250616103057.0
007 ta
008 250616b2000 dr ||||| |||| 00| 0 spa d
040 _aDO-SdBNP
_bspa
_cBNPHU
_erda
049 _aBNPD
082 4 _axxx
_bR426L
_222
110 1 _aRepública Dominicana.
_bSecretaría de Estado de la Mujer
_938238
245 1 0 _aLey 86-99 :
_bque crea la Secretaría de Estado de la Mujer.
250 _aSegunda edición
264 1 _aSanto Domingo :
_bSecretaría de Estado de la Mujer,
_c2000.
300 _a24 páginas ;
_c22 cm.
336 _atexto
_btxt
_2rdacontent
337 _asin mediación
_bn
_2rdamedia
338 _avolumen
_bnc
_2rdacarrier
500 _aIncluye referencias bibliográficas y notas al pie de las páginas.
590 _aInventariado, 2025/BT
910 _aBtavárez
942 _2ddc
_cLF2
999 _c59290
_d59290